000 00383nam a2200169Ia 4500
001 16729
003 IN-NITTTR
005 20251114233158.0
008 251113s9999||||xx |||||||||||||| ||eng||
040 _beng
040 _cIN-NITTTR
041 _aeng
082 _a615.535 A14S
100 _aAnand, K. C.
245 0 _aSelf- inflicated wounds. /
_cAnand, K. C.
942 _2ddc
_cBK
999 _c19363
_d19363